Recommendations for chemical treatment of diseases of Hevea (Record no. 66533)

MARC details
000 -LEADER
fixed length control field 00416nam a2200157Ia 4500
245 #0 - TITLE STATEMENT
Title Recommendations for chemical treatment of diseases of Hevea
260 ## - PUBLICATION, DISTRIBUTION, ETC. (IMPRINT)
Name of publisher Planters Bulletin
Year of publication 1968
300 ## - PHYSICAL DESCRIPTION
Number of Pages 96-99
650 ## - SUBJECT ADDED ENTRY--TOPICAL TERM
Topical Term Chemical control
650 ## - SUBJECT ADDED ENTRY--TOPICAL TERM
Topical Term Disease control
650 ## - SUBJECT ADDED ENTRY--TOPICAL TERM
Topical Term Diseases
650 ## - SUBJECT ADDED ENTRY--TOPICAL TERM
Topical Term Hevea
650 ## - SUBJECT ADDED ENTRY--TOPICAL TERM
Topical Term Phytophthora leaf fall
942 ## - ADDED ENTRY ELEMENTS (KOHA)
Koha item type Journals
Holdings
Withdrawn status Lost status Damaged status Not for loan Home library Current library Shelving location Date acquired Serial Enumeration / chronology Koha item type
      Journals RRII Library RRII Library Pathology 17/12/2021 Volume 96, Issue Journals